000 00511nam a2200169 i 4500
001 78517
003 ES-MaACL
005 20230906173729.0
007 t|
008 041014s1945 sp ||||1| spa d
100 1 _aHarpole.
_961887
245 1 0 _aTras la máscara del cirujano /
_cpor Harpole (seud.) ; traducción de la segunda edición inglesa.
250 _a[2ª ed.].
260 _aBarcelona :
_bSalvat,
_c1945 (
_fHispano-Americana)
300 _a307 p. ;
_c22 cm.
852 _aES-MaACL
_jB-10076
_bR.21512
999 _c78517
_d78517